000 00587nam a2200181Ia 4500
008 220216s9999 xx 000 0 und d
100 _aOthman Ayman M
245 0 _aFracture resistance of rubber-modified asphaltic mixtures exposed to high-temperature cyclic aging
260 _bJournal of Elastomers and Plastics
_c2006
300 _a19-30
650 _aAsphaltic mixtures
650 _aCritical energy release rate
650 _aCrumb rubber
650 _aIndirect tensile strength
650 _aThemal cyclic aging
650 _aUnconfined compressive strength
942 _cJS
999 _c59568
_d59568